Japonia - prawda czy fałsz? - Statystyki

Ogólne statystyki
  • Ten quiz został rozwiązany 10 140 razy
  • Średni wynik to 10 z 15
Statystyki odpowiedzi
Zagadnienie Odpowiedź % Poprawnych
Japonia ma wyższą gęstość zaludnienia niż Stany Zjednoczone Prawda
93%
Japonia podbiła około połowy Indii podczas II wojny światowej Fałsz
75%
Hiroszima jest dziś radioaktywnym miastem duchów Fałsz
75%
Kioto było stolicą Japonii przed Tokio Prawda
74%
Japonia została podbita przez Mongołów Fałsz
73%
Kimona noszą zarówno mężczyźni, jak i kobiety Prawda
73%
Japonia nie ma sporów terytorialnych z żadnym krajem Fałsz
69%
W religii japońskiej mówi się, że cesarz jest bezpośrednim potomkiem bogini słońca Amaterasu Prawda
69%
Japonia ma wysoki stopień różnorodności etnicznej w porównaniu z innymi krajami Fałsz
68%
Chrześcijanie rzadko byli prześladowani podczas rządów Szoguna Fałsz
65%
Godzilla musi zjadać ludzi, aby przeżyć Fałsz
64%
Można być jednocześnie buddystą i szintoistą Prawda
61%
„Kamikadze” to nazwisko rodowe pierwszego pilota, który wleciał swoim samolotem na statek wroga podczas II wojny światowej Fałsz
60%
Japoński rynek akcji jest nadal niższy od swojego szczytu z 1989 roku Prawda
59%
Baseball to najpopularniejszy sport widowiskowy w Japonii Prawda
54%
Nie znaleziono quizów pasujących do podanych kryteriów
Rozkład punktacji
Procent ludzi z każdym wynikiem
Percentyl według liczby udzielonych odpowiedzi
Twoja historia wyników
Nie rozwiązałeś tego quizu